Writing history in international criminal trials (Registro nro. 240831)
[ vista simple ]
| 000 -ENCABEZADO | |
|---|---|
| Número de control [NR] | 01568cam a2200265Li 4500 |
| 005 - FECHA Y HORA DE LA ÚLTIMA TRANSACCIÓN | |
| control field | 20140903175058.0 |
| 008 - DE LONGITUD FIJA DE DATOS DE ELEMENTOS - INFORMACIÓN GENERAL | |
| Elementos de longitud fija [NR] | 140502s2011 xxud fr 001 0 eng d |
| 020 ## - NUMERO INTERNACIONAL NORMALIZADO PARA LIBROS [R] | |
| Número Internacional Normalizado del libro [NR] | 9780521138314 |
| 020 ## - NUMERO INTERNACIONAL NORMALIZADO PARA LIBROS [R] | |
| Número Internacional Normalizado del libro [NR] | 9780521198851 |
| 040 ## - FUENTE DE CATALOGACION [NR] | |
| Agencia de catalogación original [NR] | CO-BoUCM |
| Idioma de catalogación [NR] | spa |
| Quien Cataloga | Jose A. Gerena |
| Quien Clasifica | Jose A. Gerena |
| 041 ## - CODIGO DE IDIOMA [R] | |
| Código de idioma para texto/pista de sonido o título separado [R] | Inglés |
| 100 1# - ASIENTO PRINCIPAL--NOMBRE PERSONAL [NR] | |
| Nombre personal [NR] | Wilson, Richard Ashby |
| ID Autoridad | 60453 |
| 245 10 - MENCION DE TITULO [NR] | |
| Título [NR] | Writing history in international criminal trials |
| Mención de responsabilidad, etc. [NR] | Richard Ashby Wilson |
| 260 ## - PUBLICACION, DISTRIBUCION, ETC. (PIE DE IMPRENTA) [R] | |
| Lugar de publicación, distribución, etc. [R] | Cambridge (Nueva York, Estados Unidos) |
| Nombre del editor, distribuidor, etc. [R] | Cambridge University press |
| Fecha de publicación, distribución, etc. [R] | 2011 |
| 300 ## - DESCRIPCION FISICA [R] | |
| Extensión [R] | xiv-257 páginas |
| Otros detalles físicos [NR] | cuadros, gráficas |
| 504 ## - NOTA DE BIBLIOGRAFIA, ETC. [R] | |
| Nota de bibliografía, etc. [NR] | Incluye referencias bibliográficas e índices |
| 505 ## - NOTA DE CONTENIDO CON FORMATO PREESTABLECIDO [R] | |
| Nota de contenido con formato preestablecido [NR] | Assessing court histories of mass crimes -- What does 'international' actually mean for international criminal trials? -- Contrasting evidence: international and common law approaches to expert testimony -- Does history have any legal relevance in international criminal trials? -- From monumental history to microhistories -- Exoneration and mitigation in defense histories -- Misjudging Rwandan society and history at the International Criminal Tribunal for Rwanda -- Permanent justice: the International Criminal Court -- Conclusion: new directions in international criminal trials |
| 650 #7 - ASIENTO SECUNDARIO DE MATERIA - TERMINO TEMATICO [R] | |
| Término temático o nombre geográfico como elemento de entrada [NR] | Crímenes contra la humanidad |
| 9 (RLIN) | 12143 |
| 650 #7 - ASIENTO SECUNDARIO DE MATERIA - TERMINO TEMATICO [R] | |
| Término temático o nombre geográfico como elemento de entrada [NR] | Crímenes de guerra |
| 9 (RLIN) | 12145 |
| 650 #7 - ASIENTO SECUNDARIO DE MATERIA - TERMINO TEMATICO [R] | |
| Término temático o nombre geográfico como elemento de entrada [NR] | Derecho internacional |
| 9 (RLIN) | 12776 |
| 650 #7 - ASIENTO SECUNDARIO DE MATERIA - TERMINO TEMATICO [R] | |
| Término temático o nombre geográfico como elemento de entrada [NR] | Guerra (Derecho internacional) |
| 9 (RLIN) | 16575 |
| Subdivisión general [R] | Historia |
| 690 ## - ASUNTO AGREGADO LOCAL DE ENTRADA - TÉRMINO TEMÁTICO (OCLC, RLIN) | |
| 9 (RLIN) | 42772 |
| Acceso temático local | Derecho internacional |
| 942 ## - ELEMENTOS DE ENTRADA AGREGADOS (KOHA) | |
| Tema principal | Derecho |
| Tipo de ítem principal el descrito en 300a | Libro |
| Edición | 1 |
| Parte restante de la signatura top. | W746 |
| Sistema de clasificación | DEWEY |
| Clasificación | 341.69 |
| Fecha de último préstamo | Total préstamos | Total Renewals | Signatura topográfica | Código de barras | Última vez visto | Ejemplar | Costo de reposición | Price effective from | Tipo de ítem | Perdido | Sistema de clasificación | Dañado | No prestable | Tipo de ítem específico | Suprimido | Ubicación habitual | Ubicación actual | Localización | Fecha de creación | Proveedor | Forma de adquisición | Costo |
|---|---|---|---|---|---|---|---|---|---|---|---|---|---|---|---|---|---|---|---|---|---|---|
| 30/03/2017 | 2 | 2 | 341.69 W746 | 100141658 | 11/06/2024 | Ej.1 | 58000.00 | 28/04/2014 | Libro | DEWEY | Libro | Bodega | Bodega | 3er piso | 28/04/2014 | 15 | Compra | 58000.00 |